000 00912nam a22002177a 4500
003 0
005 20250626123442.0
008 160118b xxu||||| |||| 00| 0 eng d
050 _aPHS HM 742
_b.K98 2015
100 _aKwang, Seong Jin ( Peter Jin)
245 _aThe relationship in social media engagement to the interpersonal skills of senior students of Southville International School and Colleges /
_cKwang Seong Jin ( Peter Jin).
260 _cLas PiƱas, Philippines :
_aSouthville International School and Colleges,
_b2015.
300 _a26 pages :
_billustrations ;
_c28 cm.
504 _aIncludes bibliographical references.
650 _aSocial media
_vPsychological aspects.
650 _aInterpersonal communication.
650 _aInterpersonal relations
_vAdolescents.
650 _aSocial media
_vInfluence on behavior.
650 _aHigh school students
_vSocial behavior.
942 _2lcc
_cPASS
999 _c290426
_d290426